1653 1651 1293 1387 1138 1546 1449 1821 1086 1752 1305 1367 1829 1621 1039 1948 1504 1434 1616 1886 1846 1477 1695 1271 1900 1437 1865 1371 1460 1585 1376 1191 1130 1679 1446 1502 1996 1587 1276 1471 1882 1381 1712 1439 1744 1671 1556 1001 1488 1433 1244 1226 1914 1930 1672 1366 1308 1299 1500 1191 1761 1364 1725 1003 1045 1148 1372 1529 1188 1476 1860 1413 1590 1186 1449 1333 1240 1527 1062 1178 1968 1397 1702 1625 1385 1749 1944 1412 1874 1624 1976 1533 1656 1181 1591 1827 1687 1898 1150 BCNSPRNW ULIB Ver.6.0+V

เปลี่ยนเป็นภาษาไทย

Change to English
 แสดงรายละเอียดบรรณานุกรม
  กลับหน้าหลัก

Brief Record : Get Marc (ISO 2709) : E-mail record : QR code < ปิดหน้าต่าง
LEADER : 00000nam 2200000uu 4500
001    13399114237
003     ULIB
008    110627s||||||||th 000 0 tha d
020    9789749899229
090    นว.^bย731ค 2550
100 0  โยโคมิโซะ เซซิ
245 00 คินดะอิจิยอดนักสืบ ตอนที่ 1 หมู่บ้านแปดหลุมศพ/^cโยโคมิโซะ เซซิ
250    พิมพ์ครั้งที่ 9
260    กรุงเทพฯ :^bBLISS publishing,^c2553
300    274 หน้า
710 1  BLISS publishing
945    ^p199^l0^i022056
995    ทศพร
999 ^a ใช้งานได้ทุกระบบ
รายการนี้ยังไม่มีแท็ก
คุณยังไม่ได้ล็อกอิน คุณสามารถมีกิจกรรมร่วมกับเว็บไซต์ได้ แต่ต้องล็อกอินก่อน ::
  ล็อกอิน

รายการสื่อสารสนเทศ

ลำดับที่ ประเภท เลขเรียก/บาร์โค้ด สถานที่ สถานะ
1. นวนิยาย
นวนิยาย
นว. ย731ค 2550 ฉ.1 
  Barcode: 022056
ห้องสมุดวิทยาเขตสวรรค์ประชารักษ์
►นวนิยาย
บนชั้น
  ขอยืม

รายการใกล้เคียง
    ผู้แต่ง [โยโคมิโซะ เซซิ]

BibComment


ยังไม่เคยถูกคอมเมนท์

คอมเมนท์ทรัพยากรรายการนี้
  คอมเมนท์: คินดะอิจิยอดนักสื..


 Copyright 2026. Bcnsprnw @Library